00259 a2200109 4500001000700000020000600007040001100013100003500024240004300059245003800102362000900140164343 a  cMagnum aBakhtin, Mikhail Mikhailovitch10aMarxismo e filosofia da linguagemlpor10aMarxismo e filosofia da linguagem0 a1899